| 000 | 00721nam a22002297a 4500 | ||
|---|---|---|---|
| 999 |
_c9173 _d9173 |
||
| 003 | AR-CdUCM | ||
| 008 | 190327b ||||| |||| 00| 0 spa d | ||
| 040 |
_aMUNICIPALIDAD PROVINCIAL DEL CUSCO _cBIBLIOTECA MUNICIPAL DEL CUSCO |
||
| 082 |
_a869.624 / _bD31 |
||
| 100 |
_aDavila Torres, Cesar _925223 |
||
| 245 | _aOtra vez Euridice / | ||
| 260 |
_aQuito : _bImprenta Alemana, _c1962. |
||
| 300 |
_a30 paginas ; _bDibujos, _c16 cm. |
||
| 440 |
_aCuadernos de Jacinto Evia _n1 _925224 |
||
| 500 | _aDonación de la Familia Nieto Dedicatoria a Luis Nieto | ||
| 650 |
_aPoesia _91598 |
||
| 650 |
_aEcuador _910121 |
||
| 650 |
_aLiteratura _983 |
||
| 700 |
_aViteri, Oswaldo _925225 |
||
| 942 |
_2ddc _cLIBROS |
||
| 945 | _apjha | ||